| 000 | 00608nam a2200229Ia 4500 | ||
|---|---|---|---|
| 001 | 2002 | ||
| 003 | GE_BSU | ||
| 008 | 181216s||||||||xx |||||||||||||| ||und|| | ||
| 020 | _a9785466003062 | ||
| 040 | _cGE_BSU | ||
| 080 | _a347.463(070)(075.3) | ||
| 100 | _aМорозов,С.Ю. | ||
| 245 | _aТранспортное право | ||
| 245 | _bУчеб.пособие для студ.вузов. | ||
| 260 | _aМосква | ||
| 260 | _bВольтерс Клувер | ||
| 260 | _c2007 | ||
| 300 | _a320стр. | ||
| 541 | _h10л. | ||
| 653 | _aТранспортное право | ||
| 942 | _cBK | ||
| 999 |
_c36102 _d36102 |
||